000 00862nam a2200289 a 4500
001 000044168
003 DO-SdBNP
005 20240710114450.0
007 ta
008 240625s2012 dr a 000 f spa d
020 _a9789945164282
040 _aDO-SdBNP
_bspa
_cBNPHU
_erda
082 _aRD863.44
_bC352i, 2012
_222
100 1 _aCastillo Javier, Gerardo,
_d1963-
_eautor
_91677
245 1 0 _aInvocar a un ángel /
_cGerardo Castillo Javier.
250 _a3 era. edición
264 _aSanto Domingo :
_bDragón Editorial,
_c2012.
300 _a158 paginas. :
_bilustraciones ;
_c23 cm.
336 _2rdacontent
_atexto
_btxt
337 _2rdamedia
_asin mediación
_bn
338 _2rdacarrier
_avolumen
_bnc
590 _aInventariado, 2024/DG
650 4 _aCuentos dominicanos
650 4 _aLiteratura dominicana
910 _aDG
942 _2ddc
_cLBS1
999 _c43657
_d43657